| 000 | 01900cam a2200481 i 4500 | ||
|---|---|---|---|
| 001 | 13446147 | ||
| 003 | CO-MdFUSB | ||
| 005 | 20220903122941.0 | ||
| 008 | 031230t2004 uk i 000 0 eng | ||
| 010 | _a 2003067730 | ||
| 020 | _a0674993365 | ||
| 040 |
_aDLC _cCO-MdFUSB _dDLC _bEspañol _erda |
||
| 041 | _aeng | ||
| 042 | _apcc | ||
| 082 | 0 | 0 |
_a888.01 _223 _bP737p |
| 100 | 0 |
_aPlutarch _eAutor |
|
| 245 | 1 | 0 |
_aPlutarch's : _bMoralia _c/ Plutarch ; editado por Jefrey Henderson ; traducido por Frank Cole Babbitt _nIV |
| 264 | 1 |
_aCambridge, Mass. : _bHarvard University Press, _c[1936] |
|
| 264 | 4 | _c© 1936 | |
| 300 |
_aVolumen 4: xii, 552 páginas ; _c17 cm. |
||
| 336 |
_2rdacontent _atexto _btxt |
||
| 337 |
_2rdamedia _asin mediación _bn |
||
| 338 |
_2rdacarrier _avolumen _bnc |
||
| 440 | 4 | _vLoeb Classical Library | |
| 500 | _aÍndice: Páginas 529 - 553 | ||
| 505 | _aLas preguntas romanas -- Las preguntas griegas -- Grecia y Roma: Historias paralelas -- La fortuna de los romanos -- La fortuna o la virtud de Alexander -- Eran los atenienses más famosa en la guerra o en la sabiduría - | ||
| 506 | _aPréstamo en sala | ||
| 600 | 0 | 0 |
_aPlutarch _d45 dC - 120 dC |
| 650 | 7 |
_aLiteratura griega _9108 |
|
| 650 | 7 |
_aLiteratura clásica _9109 |
|
| 653 | _aGrecia | ||
| 653 | _aRoma | ||
| 700 | 1 |
_aPlutarch. _tMoralia. |
|
| 700 |
_aHenderson, Jeffrey _9110 |
||
| 700 | 1 |
_aBabbitt, Frank Cole _998 _eTraductor |
|
| 856 |
_aarchive.org _dhttps://archive.org/details/moralia04plut _zOtra versión |
||
| 906 |
_a7 _bcbc _corignew _d1 _eocip _f20 _gy-gencatlg |
||
| 942 | _cREF | ||
| 945 | _aEstudiante | ||
| 999 |
_c63726 _d63726 |
||